000 00775nam a2200217Ia 4500
003 GCL
008 140319s9999 xx 000 0 ara d
040 _aGCL /
_cGCL
082 0 4 _a811.082
_bا ا
100 1 _aاحمد سامى خاطر
245 1 0 _aايها القط العجوز الذى بجوارى /
_cاحمد سامى خاطر
250 _aالاولى
260 _aالقاهرة :
_bالهيئة العامة لقصور الثقافة ،
_c1999
300 _a132 ص ؛
_c10 سم
490 _aابداعات
_v99
650 0 4 _aالشعر العربى
650 0 4 _aالشعر
650 0 4 _aالشعر العربى - العصر الحديث
650 0 4 _aالشعر العربى - مصر - تاريخ ونقد - العصر الحديث
942 _2ddc
_cBK
999 _c8827
_d8827